Desarrollo de un sistema de gestión y control para la optimización de operaciones de camionaje por medio de algoritmos genéticos en la empresa Lunaca S.A.
Gardado en:
| Autor Principal: | |
|---|---|
| Outros autores: | , , |
| Formato: | Libro |
| Idioma: | Spanish |
| Publicado: |
[San José, Costa Rica]
2013
|
| Materias: | |
| Etiquetas: |
Engadir etiqueta
Sen Etiquetas, Sexa o primeiro en etiquetar este rexistro!
|
MARC
| LEADER | 00000nam a22000007a 4500 | ||
|---|---|---|---|
| 003 | 011854 | ||
| 005 | 20230817090428.0 | ||
| 008 | 150319b2013 cr a|||| |||| 00| ||spa d | ||
| 040 | |c cru CEDI | ||
| 100 | |a Figueroa Volio, Daniela, 1989- |9 1093 | ||
| 245 | |a Desarrollo de un sistema de gestión y control para la optimización de operaciones de camionaje por medio de algoritmos genéticos en la empresa Lunaca S.A. | ||
| 260 | |a [San José, Costa Rica] |c 2013 | ||
| 300 | |a 169 hojas : ilustraciones (principalmente a color). | ||
| 500 | |a Proyecto de graduación (licenciatura en ingeniería industrial)--Universidad de Costa Rica. Facultad de Ingeniería. Escuela de Ingeniería Industrial | ||
| 501 | |a Directora de Proyecto de Graduación: Inga. Melissa Pizarro Aguilar | ||
| 610 | 0 | |9 1094 |a LUNACA S.A. (COSTA RICA) | |
| 651 | |x LOGISTICA EN LOS NEGOCIOS |x GESTION INDUSTRIAL |x PLANIFICACION EMPRESARIAL |x INGENIERÍA DE LA PRODUCCIÓN |x CONTROL DE PROCESOS |x EMPRESAS DE TRANSPORTE - ADMINISTRACION - COSTA RICA |x TRANSPORTE REFRIGERADO |9 592 | ||
| 700 | |9 1095 |a Serra Arias, José Pablo, 1989- | ||
| 700 | |9 1096 |a Sojo Rodríguez, Luis Ricardo, 1989- | ||
| 700 | |9 675 |a Pizarro Aguilar, Melissa, 1984- |d Directora del TFG | ||
| 942 | |c CEDI |h TFG 7022 |6 TFG_7022_000000000000000 | ||
| 999 | |c 13762 |d 13762 | ||
